LEADER 01848nas 2200565-a 450 001 996203956403316 005 20210517211208.0 011 $a2163-5242 024 7 $aZ672 035 $a(CKB)954925610924 035 $a(CONSER)--2008249035 035 $a(DE-599)ZDB2070451-3 035 $a(OCoLC)42821691 035 $a(MiAaPQ)40834 035 $a(EXLCZ)99954925610924 100 $a19991113a19979999 --- a 101 0 $aeng 135 $aurmnu|||||||| 181 $ctxt$2rdacontent 182 $cc$2rdamedia 183 $acr$2rdacarrier 200 10$aReference & user services quarterly $eRUSQ 210 $aChicago, IL $cAmerican Library Association$d©1997- 300 $aRefereed/Peer-reviewed 311 $a1094-9054 517 3 $aReference and user services quarterly 606 $aReference services (Libraries)$vPeriodicals 606 $aLibrary science$vPeriodicals 606 $aLibrary Services 606 $aBibliothèques$xServices de référence$vPériodiques 606 $aBibliothéconomie$vPériodiques 606 $aLibrary Reference Services$2ebps 606 $aLibrary science$2fast$3(OCoLC)fst00997916 606 $aReference services (Libraries)$2fast$3(OCoLC)fst01092439 608 $aPeriodicals.$2fast 610 $aBusiness$aLibrary and information science. 615 0$aReference services (Libraries) 615 0$aLibrary science 615 2$aLibrary Services. 615 6$aBibliothèques$xServices de référence 615 6$aBibliothéconomie 615 7$aLibrary Reference Services. 615 7$aLibrary science. 615 7$aReference services (Libraries) 676 $a025 712 02$aReference and User Services Association. 906 $aJOURNAL 912 $a996203956403316 996 $aReference & user services quarterly$92178865 997 $aUNISA LEADER 02260nam0 22005173i 450 001 VAN0268048 005 20240119032749.226 017 70$2N$a9781461599906 100 $a20231128d1977 |0itac50 ba 101 $aeng 102 $aUS 105 $a|||| ||||| 200 1 $aˆA ‰first course in real analysis$fMurray H. Protter, Charles B. Morrey, Jr 210 $aNew York$cSpringer$d1977 215 $axii, 507 p.$cill.$d25 cm 410 1$1001VAN0024019$12001 $aUndergraduate texts in mathematics$1210 $aBerlin [etc.]$cSpringer 606 $a26-XX$xReal functions [MSC 2020]$3VANC019778$2MF 606 $a26A45$xFunctions of bounded variation, generalizations [MSC 2020]$3VANC022019$2MF 606 $a26B12$xCalculus of vector functions [MSC 2020]$3VANC023343$2MF 606 $a26A15$xContinuity and related questions (modulus of continuity, semicontinuity, discontinuities, etc.) for real functions in one variable [MSC 2020]$3VANC024614$2MF 606 $a26B05$xContinuity and differentiation questions [MSC 2020]$3VANC024647$2MF 610 $aAnalysis$9KW:K 610 $aBoundary Element Methods$9KW:K 610 $aCalculus$9KW:K 610 $aDifferential calculus$9KW:K 610 $aImprint$9KW:K 610 $aIntegral calculus$9KW:K 610 $aMathematics$9KW:K 610 $aProblem Solving$9KW:K 610 $aProving$9KW:K 610 $aReal analysis$9KW:K 610 $aReal numbers$9KW:K 610 $aSystems$9KW:K 610 $aTheorem proving$9KW:K 620 $aUS$dNew York$3VANL000011 700 1$aProtter$bMurray H.$3VANV019544$040750 701 1$aMorrey$bCharles B.$3VANV019545$029283 712 $aSpringer $3VANV108073$4650 801 $aIT$bSOL$c20240614$gRICA 856 4 $uhttps://doi.org/10.1007/978-1-4615-9990-6$zE-book ? Accesso al full-text attraverso riconoscimento IP di Ateneo, proxy e/o Shibboleth 899 $aBIBLIOTECA DEL DIPARTIMENTO DI MATEMATICA E FISICA$1IT-CE0120$2VAN08 912 $fN 912 $aVAN0268048 950 $aBIBLIOTECA DEL DIPARTIMENTO DI MATEMATICA E FISICA$d08CONS e-book 7361 $e08eMF7361 20231204 996 $aFirst course in real analysis$983021 997 $aUNICAMPANIA